Loading...
| Science - Physics | 0 | 4 | 0 | 2 | 40 | 95 | 113.50 | 0 | 3 | 0.00 | 0.00 |
| Literature - American | 0 | 4 | 0 | 2 | 40 | 83 | 125.25 | 0 | 1 | 0.00 | 0.00 |
| Science - Other | 0 | 4 | 1 | 0 | 35 | 79 | 91.75 | 1 | 4 | 0.00 | 0.00 |
| History - American | 0 | 4 | 1 | 0 | 35 | 59 | 74.25 | 1 | 4 | 0.00 | 0.00 |
| Science - Biology | 0 | 3 | 1 | 1 | 25 | 89 | 102.67 | 1 | 2 | 0.00 | 0.00 |
| History - World | 0 | 2 | 0 | 0 | 20 | 42 | 43.00 | 1 | 2 | 0.00 | 0.00 |
| History - Other | 0 | 3 | 2 | 0 | 20 | 86 | 95.00 | 1 | 3 | 0.00 | 0.00 |
| Fine Arts - Other | 0 | 2 | 0 | 0 | 20 | 117 | 125.50 | 0 | 1 | 0.00 | 0.00 |
| Social Science | 0 | 1 | 0 | 1 | 10 | 130 | 130.00 | 0 | 0 | 0.00 | 0.00 |
| Fine Arts - Painting and Sculpture | 0 | 1 | 0 | 0 | 10 | 99 | 99.00 | 1 | 1 | 0.00 | 0.00 |
| Literature - World | 0 | 1 | 0 | 0 | 10 | 106 | 106.00 | 0 | 1 | 0.00 | 0.00 |
| Philosophy | 0 | 1 | 0 | 0 | 10 | 121 | 121.00 | 0 | 0 | 0.00 | 0.00 |
| Pop Culture | 0 | 1 | 0 | 0 | 10 | 18 | 18.00 | 1 | 1 | 0.00 | 0.00 |
| Religion | 0 | 1 | 0 | 1 | 10 | 145 | 145.00 | 0 | 1 | 0.00 | 0.00 |
| Fine Arts - Classical Music | 0 | 1 | 0 | 0 | 10 | 124 | 124.00 | 0 | 0 | 0.00 | 0.00 |
| Literature - British | 0 | 1 | 2 | 0 | 0 | 122 | 122.00 | 0 | 1 | 0.00 | 0.00 |
| Science - Chemistry | 0 | 0 | 0 | 0 | 0 | 0.00 | 0 | 0 | 0.00 | 0.00 | |
| Literature - European | 0 | 0 | 1 | 0 | -5 | 0.00 | 0 | 0 | 0.00 | 0.00 |